000 00209nam a22000977a 4500
999 _c263616
_d263615
020 _a0766607151
100 _aAnna Sewell
245 _aBlack Beauty
260 _aNew York
_b HarperTrophy
_c 2005
942 _cBK